Lead driers in paint: implications of their removal (Record no. 86139)

MARC details
000 -LEADER
fixed length control field 00551cam a2200217 4500
001 - CONTROL NUMBER
control field D7107
008 - FIXED-LENGTH DATA ELEMENTS--GENERAL INFORMATION
fixed length control field 090401t1985 xxu||||| |||| 00| 0 eng d
035 ## - SYSTEM CONTROL NUMBER
System control number (Sirsi) u5199
041 ## - LANGUAGE CODE
Language code of text/sound track or separate title eng
050 ## - LIBRARY OF CONGRESS CALL NUMBER
Classification number 698.1
100 ## - MAIN ENTRY--PERSONAL NAME
Personal name Miller, E.
245 ## - TITLE STATEMENT
Title Lead driers in paint: implications of their removal
260 ## - PUBLICATION, DISTRIBUTION, ETC.
Place of publication, distribution, etc. Garston, Watford
Name of publisher, distributor, etc. Building Research Establishment
Date of publication, distribution, etc. 1985
300 ## - PHYSICAL DESCRIPTION
Extent 4p. 30cm
350 ## - PRICE (NR) (BK AM CF MU VM SE) [OBSOLETE]
Price 0
490 ## - SERIES STATEMENT
Series statement Information Paper
Volume/sequential designation 12/85
520 ## - SUMMARY, ETC.
Summary, etc. Caption title
700 ## - ADDED ENTRY--PERSONAL NAME
Personal name Boxall, J.
942 ## - ADDED ENTRY ELEMENTS (KOHA)
Suppress in OPAC 0
948 ## - LOCAL PROCESSING INFORMATION (OCLC); SERIES PART DESIGNATOR (RLIN)
c (OCLC) 04/03/1997
Holdings
Withdrawn status Lost status Source of classification or shelving scheme Damaged status Not for loan Home library Current library Shelving location Date acquired Total Checkouts Full call number Barcode Date last seen Date last checked out Copy number Price effective from Koha item type
    Other/Generic Classification Scheme     London London Boxed set 14/09/1999 1 BOXED SET 30006120 06/08/2019 17/03/2006 1 06/08/2019 Book